000 00571nam a2200181Ia 4500
003 GCL
008 140319s9999 xx 000 0 ara d
040 _aGCL /
_cGCL
082 0 4 _a250
_bس ع
100 1 _aسعدالدين السيد صالح
245 1 0 _aالعقيدة الاسلامية فى ضوء العلم الحديث /
_cسعدالدين السيد صالح
260 _a[S.N] :
_bدار الصفا ،
_c1991
300 _a192 ص
490 _a
650 0 4 _aالشريعة الاسلامية
650 0 4 _aالفقه الاسلامى
942 _2ddc
_cBK
999 _c52558
_d52558